00445nam a2200133Ia 4500008004100000082001500041100004000056245004600096260005300142365000600195530001800201630004600219730004600265100415s9999 xx 000 0 und d b22085a630 aFoundation for Ecological Security, aSpecial Issue on Agrarian Crisis In India aanandc2007bFoundation for Ecological Security, b0 bComplimentary aSpecial Issue on Agrarian Crisis In India aSpecial Issue on Agrarian Crisis In India